000 00291nam a2200109Ia 4500
008 220204s9999 xx 000 0 und d
082 _a621.3(03)
_bGAR
100 _aGarland, J D
245 0 _aNational electrical code reference book
260 _aNew Jersey
_bPrentice Hall
_c1977
942 _cBK
999 _c27012
_d27012